00470nam a22001697a 450000500170000001000130001702000100003003500130004003700140005308200080006710000290007524500690010424600340017326000380020727000350024530000200028020200116121832.0 aA-521113 c75.00 aA-521113 bBPPD/Pub. a080 aہاسنا مر زبان aاردو ادب کی باز یانت /cہاسنا مر زبان aUrdu Adab Ki Bazyafat (Urdu)  bMaktaba JamiaaNew Delhic1987 ء aJamia NagarbNew Delhie110025 a906p.c22cm(Hb)